Вып. 72; Отбор и передача информации

Detalles Bibliográficos
Parent link:Отбор и передача информации: республиканский межведомственный сборник научных трудов/ Академия наук Украинской ССР (АН УССР), Физико-механический институт (ФМИ). Вып. 72.— , 1965-1987
Lenguaje:ruso
Publicado: 1985
Materias:
Formato: MixedMaterials Libro
KOHA link:https://koha.lib.tpu.ru/cgi-bin/koha/opac-detail.pl?biblionumber=274958

MARC

LEADER 00000nam2a2200000 4500
001 274958
005 20231101234758.0
035 |a (RuTPU)RU\TPU\book\298187 
090 |a 274958 
100 |a 20141111d1985 k y0rusy5003 ca 
101 0 |a rus 
102 |a UA 
105 |a a z 001zy 
200 0 |a Вып. 72 
210 |d 1985 
215 |d 27 см  |a 122 с.  |c ил. 
320 |a Библиография в конце статей 
461 1 |0 (RuTPU)RU\TPU\book\285316  |t Отбор и передача информации  |o республиканский межведомственный сборник научных трудов  |f Академия наук Украинской ССР (АН УССР), Физико-механический институт (ФМИ)  |v Вып. 72  |d 1965-1987 
606 1 |a Информация  |x Передача  |x Отбор  |2 stltpush  |3 (RuTPU)RU\TPU\subj\12991  |9 39681 
610 1 |a случайные процессы 
610 1 |a сигналы 
610 1 |a электромагнитные информационные каналы 
610 1 |a информационные системы 
610 1 |a помехи 
610 1 |a скорость 
610 1 |a распознавание образов 
610 1 |a электрические цепи 
610 1 |a расчет на ЭВМ 
610 1 |a электромагнитные поля 
675 |a 621.391  |z rus  |v 4 
801 0 |a RU  |b RuMRKP  |c 19950704  |g psbo 
801 1 |a RU  |b 63413507  |c 20141111 
801 2 |a RU  |b 63413507  |c 20170328  |g RCR 
942 |c BK